Zdaňovanie cenných papierov

Salvato in:
Dettagli Bibliografici
Autore principale: Vavrová, Katarína, 1960-
Altri autori: Sochor, Milan
Natura: Capitolo di libro
Lingua:slovacco
Tags: Aggiungi Tag
Nessun Tag, puoi essere il primo ad aggiungerne!!

MARC

LEADER 00000naa$a2200000$$$4500
001 0060576
005 20240502083144.3
041 0 |a slo 
044 |a CZ 
245 1 0 |a Zdaňovanie cenných papierov  |c Katarína Vavrová, Milan Sochor 
100 1 |a Vavrová, Katarína, 1960- 
700 1 |a Sochor, Milan